|
|
|
|
| LEADER |
00000cam a2200000 i 4500 |
| 001 |
1/40239 |
| 008 |
070123s1999 gr | ||| |||| ||gre|| |
| 035 |
|
|
|l 10086785
|
| 040 |
|
|
|a GR-MyUa
|b gre
|e AACR2
|
| 041 |
0 |
|
|a gre
|
| 082 |
7 |
|
|a 623.193916
|2 (22)
|
| 100 |
1 |
|
|a Κόλλιας, Ηλίας Ε.
|
| 245 |
1 |
0 |
|a Μάστορες, πρωτομάστορες και μηχανικοί των μεσαιωνικών οχυρώσεων της Ρόδου
|h [ανάτυπο] /
|c Ηλίας Ε. Κόλλιας.
|
| 260 |
|
|
|a [Ρόδος] :
|b [χ.ό.],
|c 1999.
|
| 300 |
|
|
|a π. 15 σ. :
|b εικ. ;
|c 28 εκ.
|
| 500 |
|
|
|a Ανάτυπο από Δελτίον της Χριστιανικής Αρχαιολογικής Εταιρείας, Περίοδος Δ' Τόμος Κ', 1998.
|
| 500 |
|
|
|a Περιέχει συντομογραφίες.
|
| 504 |
|
|
|a Περιλαμβάνει βιβλιογραφικές παραπομπές και βιβλιογραφίες.
|
| 650 |
|
0 |
|a Fortifications
|x Military engineering
|z Greece
|z Rhodes.
|
| 650 |
|
0 |
|a Castles
|x Conservation and restoration
|z Greece
|z Rhodes.
|
| 650 |
|
0 |
|a Architecture, Medieval
|z Greece
|z Rhodes.
|
| 852 |
|
|
|a INST
|b RHODES
|e 20070123
|h 623.193916 ΚΟΛ
|p 005400023724
|q 005400023724
|t BK
|y 0
|
| 901 |
|
|
|a BIBL4-2007-1
|
| 970 |
|
|
|a ΜΙΣΣΟΣ
|b ΣΤΑΥΡΟΣ
|z 2007/01/23
|